Divadelní hry Ulička odvahy. Chroust 2

Bibliographic Details
Main Author: Mahen, Jiří, 1882-1939 (Author)
Other Authors: Hrabák, Josef, 1912-1987 (Editor, Author of afterword, colophon, etc.)
Format: Book
Language:Czech
Published: Praha Československý spisovatel 1956
Edition:1. vyd.
Series:Dílo Jiřího Mahena
Subjects:

MARC

LEADER 00000nam a2200000 a 4500
001 vtls009453989
003 SK-MaSNL
005 20260302080406.0
008 240313s1956 xr g 000 d cze
020 |q (viazané) 
040 |a SNK  |b slo  |c SNK  |e AACR2 
041 0 |a cze 
044 |a xr  |c CZ 
080 |a 821.162.3-2  |2 2011 
100 1 |a Mahen, Jiří,  |d 1882-1939  |4 aut  |9 107624 
245 1 |a Divadelní hry  |n 2  |b Ulička odvahy. Chroust  |c Jiří Mahen; k vydání připravil, doslov a poznámky napsal Josef Hrabák 
250 |a 1. vyd. 
260 |a Praha  |b Československý spisovatel  |c 1956 
300 |a 180 s. 
490 1 |a Dílo Jiřího Mahena  |v sv. 6 
655 7 |a divadelné hry  |2 SNKPH  |9 70577 
655 7 |a české divadelné hry  |2 SNKPH  |9 307369 
700 1 |a Hrabák, Josef,  |d 1912-1987  |4 edt  |4 aft  |9 198301 
740 0 2 |a Ulička odvahy 
740 0 2 |a Chroust 
830 0 |a Dílo Jiřího Mahena  |9 318587 
852 |a Štátna vedecká knižnica v Banskej Bystrici 
999 |c 1172913  |d 1174843 
952 |a SNK  |b SNK  |y VYP  |7 0  |p 17A0606314  |o snkIC 9701/6   |i snkKIP 599/56  |3 rekatalogizácia  |0 0  |1 0  |4 0  |d 2008-12-10  |l 0  |r 2026-02-24 21:10:57  |w 2026-02-24